History Quiz

Random History or Nation Quiz
Score 0/13 Timer 03:00
0 Plays Today
% Correct
Texas Annexation
(1845)
94.4%
Alaska
(1867)
94.1%
Hawaii
(1898)
93.9%
Original 13 Colonies
(1776)
93.2%
Florida Annexation|Cession
(1810-1819)
93%
Oregon Country
(1846)
92.6%
Louisiana Purchase
(1803)
81.4%
Treaty of Paris
(1783)
70.9%
Mexican Cession
(1848)
68.5%
Gadsden Purchase
(1853)
57.8%
Webster-Ashburton Treaty
(1842)
47.9%
Red River Basin Cession
(1818)
47.1%
Ceded by Spain
(1818)
42.9%
Remove Ads.
Support Sporcle.
Get the best of Sporcle when you Go Orange. This ad-free experience offers more features, more stats, and more fun while also helping to support Sporcle. Thank you for becoming a member.

You're not logged in!

Compare scores with friends on all Sporcle quizzes.
OR
Log In

Sporcle TV

Today on Sporcle TV


Watch our educational content, quiz creation guides, and fun videos on Sporcle TV.

Show Comments

Extras

Top Quizzes Today


Score Distribution

Paid Content

Your Account Isn't Verified!

In order to create a playlist on Sporcle, you need to verify the email address you used during registration. Go to your Sporcle Settings to finish the process.

Report this User

Report this user for behavior that violates our Community Guidelines.

Details: